000 00268nam a2200109Ia 4500
008 200302s9999 xx 000 0 und d
100 _aJacobo Kraul and Other
245 _aOffice interiors
260 _bCarles Broto & Josep Ma Minguet
260 _c2003
300 _a175
999 _c6414
_d6414